书目信息 |
| 题名: |
经学纂要
|
|
| 作者: | 蒋伯潜 编著 ;方笑一 整理 | |
| 分册: | ||
| 出版信息: | 北京 华夏出版社有限公司 2024.06 |
|
| 页数: | 14,228页 | |
| 开本: | 21cm | |
| 丛书名: | “国学通识”丛书 | |
| 单 册: | ||
| 中图分类: | Z126.27 | |
| 科图分类: | ||
| 主题词: | 经学--研究--中国 | |
| 电子资源: | ||
| ISBN: | 978-7-5222-0667-7 | |
| 000 | 01112oam2 2200277 450 | |
| 001 | 012575584 | |
| 005 | 20251022204702.82 | |
| 010 | @a978-7-5222-0667-7@dCNY58.00 | |
| 100 | @a20240622d2024 em y0chiy0120 ea | |
| 101 | 0 | @achi |
| 102 | @aCN@b110000 | |
| 105 | @ay z 000yy | |
| 106 | @ar | |
| 200 | 1 | @a经学纂要@9jing xue zuan yao@f蒋伯潜编著@g方笑一整理 |
| 210 | @a北京@c华夏出版社有限公司@d2024.06 | |
| 215 | @a14,228页@d21cm | |
| 225 | 1 | @a“国学通识”丛书@h第一辑@i“国学汇纂”十种@f陈斐主编 |
| 330 | @a本书在结构设置上既重视每一部儒家经书的介绍,又注重经学史的梳理,可谓有纵有横,纵横交错。全书都渗透着浓浓的历史意识,即使是介绍每一部经书,作者仍极重视经书撰述人的身份、经书传授的源流、历代解经的差异及与经书有关的史事,并不是就经说经,而是从更宽广的历史背景出发来讨论经书和经学。 | |
| 461 | 0 | @12001 @a“国学通识”丛书 |
| 462 | 0 | @12001@@@a“国学汇纂”十种 |
| 606 | 0 | @a经学@x研究@y中国 |
| 690 | @aZ126.27@v5 | |
| 701 | 0 | @a蒋伯潜@9jiang bo qian@f(1892-1956)@4编著 |
| 702 | 0 | @a方笑一@9fang xiao yi@4整理 |
| 801 | 0 | @aCN@c20250910 |
| 905 | @a河南城建学院图书馆@dZ126.27@eJ555@ZJ555@f1 | |
| 经学纂要/蒋伯潜编著/方笑一整理.-北京:华夏出版社有限公司,2024.06 |
| 14,228页;21cm.-(“国学通识”丛书.第一辑.“国学汇纂”十种/陈斐主编) |
| ISBN 978-7-5222-0667-7:CNY58.00 |
| 本书在结构设置上既重视每一部儒家经书的介绍,又注重经学史的梳理,可谓有纵有横,纵横交错。全书都渗透着浓浓的历史意识,即使是介绍每一部经书,作者仍极重视经书撰述人的身份、经书传授的源流、历代解经的差异及与经书有关的史事,并不是就经说经,而是从更宽广的历史背景出发来讨论经书和经学。 |
| ● |
| 相关链接 |
|
|
|
正题名:经学纂要
索取号:Z126.27/J555
 
预约/预借
| 序号 | 登录号 | 条形码 | 馆藏地/架位号 | 状态 | 备注 |
| 1 | 1635087 | 216350874 | 自科库501/501自科库 124排2列3层/ [索取号:Z126.27/J555] | 在馆 |